| 000 | 01199pab a2200169 454500 | ||
|---|---|---|---|
| 008 | 180718b2003 xxu||||| |||| 00| 0 eng d | ||
| 100 | _aPrakash, S. | ||
| 245 | _aWater resources management - Issues and strategies | ||
| 260 | _c2003 | ||
| 300 | _ap.468-474. | ||
| 362 | _aJul-Sep | ||
| 520 | _aIndia's finite and fragile water resources are stressed and depleting while sectoral demands are growing rapidly. Fragmentation of water management at the sectoral, national, regional and international levels with very little coordination amongst them has added another dimension to the issue. Deterioration of surface and groundwater quality due to inadequate pollution control and waste treatment along with rapid urbanisation, industrialisation and intensification of water usage has been causing pollution of rivers, lakes and wet lands. In the past, water has been developed rather than managed. The essence of all water resources management efforts should therefore be to satisfy the water needs of communities in terms of both quantity and quality. - Reproduced. | ||
| 650 | _aWater resources management | ||
| 773 | _aIndian Journal of Public Administration | ||
| 908 | _aN | ||
| 909 | _a58590 | ||
| 999 |
_c58590 _d58590 |
||